000 01383cam a2200325 i 4500
001 21342650
003 CSPC
005 20250210103228.0
008 191220t20202020nyu 000 1 eng
010 _a 2019058755
020 _a9781538728598
040 _aDLC
_beng
_cDLC
_erda
_dDLC
_dCSPC
042 _apcc
050 0 0 _aPS3569.P363
_bR48 2020
100 1 _aSparks, Nicholas,
_eauthor.
245 1 4 _aThe return /
_cNicholas Sparks.
250 _aFirst Edition.
264 1 _aNew York ;
_aBoston :
_bGrand Central Publishing,
_c2020.
300 _aix, 355 pages ;
_c22 cm.
336 _atext
_btxt
_2rdacontent
337 _aunmediated
_bn
_2rdamedia
338 _avolume
_bnc
_2rdacarrier
520 _a"The story of an injured army doctor connecting with a beautiful deputy and a mysterious teenage girl, both whose secrets will change the course of his life"--
_cProvided by publisher.
655 7 _aMystery fiction.
_2gsafd
655 7 _aRomance fiction.
_2lcgft
906 _a7
_bcbc
_corignew
_d1
_eecip
_f20
_gy-gencatlg
942 _2ddc
_cBK
_h813.54
_iSp263r
_kFIC
_m2020
_n0
_e23
999 _c28779
_d28779